Emlék

Bibliographic Details
Main Author: Nemeskürty, István, 1925- (Author)
Other Authors: Deák, György (Illustrator)
Format: Article
Language:Hungarian
Slovak
PhysicalDescription:Obr.
Subjects:

MARC

LEADER 00000nab a2200000 a 4500
001 vtls000713854
003 SK-MaSNL
005 20260302194213.0
008 160314c2000 xo 0 hun
015 |a SNBRB2000/02-05297 
035 |a CLN000066021 
040 |a SNKBUCL  |b slo  |c SNKBUCL  |e AACR2 
041 0 |a slo 
044 |a xo  |c SK 
080 |a 894.511-3(087.5)=945.11  |2 UDC-MRF-SK2 
100 1 |a Nemeskürty, István,  |d 1925-  |4 aut  |9 113201 
245 1 0 |a Emlék  |c Nemeskürty István ; illusztrálta Deák György 
300 |b Obr. 
650 0 7 |a príbehové prózy, maďarské  |2 snkbucl  |9 72843 
700 1 |a Deák, György  |4 ill  |9 679602 
773 0 |t Tábortűz  |g Roč. 49, č. 5 (2000), s. 24-25 
850 |a Slovenská národná knižnica v Martine 
852 |a SNK  |b KIS3GCP 
958 |a HU 
958 |a LX 
958 |a RBX 
999 |c 1447742  |d 1449672